[Event "WchT 6th"]
[Site "Beersheba"]
[Date "2005.11.05"]
[Round "5.3"]
[White "Ni, Hua"]
[Black "Mchedlishvili, Mikheil"]
[Result "1-0"]
[WhiteElo "2603"]
[BlackElo "2564"]
[Annotator "Gavrikov,V"]
[PlyCount "73"]
[EventDate "2005.11.01"]
[EventType "team-tourn"]
[EventRounds "9"]
[EventCountry "ISR"]
[SourceTitle "CBM 110"]
[Source "ChessBase"]
[SourceDate "2006.01.31"]
[SourceVersion "1"]
[SourceVersionDate "2006.01.31"]
[SourceQuality "1"]
[WhiteTeam "China"]
[BlackTeam "Georgia"]
[WhiteTeamCountry "CHN"]
[BlackTeamCountry "GEO"]

1. d4 Nf6 2. c4 e6 3. Nc3 Bb4 4. a3 {This variation is a rarity in modern
tournament practice because it is not easy for White to create any real
threats on the kingside in compensation for the weaknesses in his pawn
structure.} Bxc3+ 5. bxc3 c5 6. e3 b6 ({More common move order is} 6... Nc6 7.
Bd3 O-O 8. Ne2 b6 9. e4 Ne8) 7. Bd3 Nc6 ({The idea of 6...b6 is to continue} 
7... Bb7 8. f3 Nc6 9. Ne2 O-O 10. e4 Ne8 {e.g.} 11. Be3 (11. O-O $143 Rc8 12.
f4 f5 13. d5 Na5 14. e5 d6 $1 15. dxe6 Qe7 $15 {1-0 Ostermeyer,P-Botterill,G/
Dresden 1969/EXT 2003 (38)}) 11... d6 12. O-O Na5 13. Ng3 Qd7 14. f4 f5 15. d5
g6 16. Re1 exd5 17. cxd5 fxe4 18. Bxe4 Nf6 19. Bf3 $13 {1/2-1/2 Meulders,
R-Ionescu,C/Dubai 1986/TD (60)}) 8. Ne2 {Now the game transposes to the main
line.} ({Deserves attention} 8. e4 d6 9. Ne2 e5 10. O-O O-O (10... cxd4 11.
cxd4 exd4 12. Bb2) 11. d5 Na5 12. Ng3 Ne8 13. f4 f6 14. Ra2 Ba6 15. Qe2 Qd7 16.
a4 $14 {1-0 Gligoric,S-Osmanagic,D/Sarajevo 1962/MCD (39)}) 8... O-O 9. e4 Ne8
{[%cal Gc8a6,Gc6a5,Ge8d6] Avoiding the possible pin after Bg5 and at the same
time planning to attack the c4-pawn by Nd6 later.} 10. O-O ({Not dangerous for
Black is} 10. Be3 {in view of} Ba6 $1 11. Ng3 (11. dxc5 Ne5 12. cxb6 axb6)
11... Na5 12. Qe2 Rc8 13. d5 Qh4 $5 ({also good is} 13... Nd6 $5 14. e5 Ndxc4
15. Qh5 g6 16. Qh6 f5 17. Bg5 Qe8 18. d6 Bb7 {0-1 Mileika,J-Koblencs,A/Riga
1962/EXT 2003 (34)}) 14. O-O Nd6 15. Rad1 f5 $5 (15... Bxc4 16. f4 $13) 16.
dxe6 dxe6 $1 (16... f4 $2 17. exd7 Rcd8 18. e5) 17. exf5 exf5 18. Qf3 Bb7 $5 (
18... f4 19. Qd5+ Nf7 20. Nf5 Qf6 21. Qe4 $5 $13) 19. Qf4 Qf6 $132 {0-1 Geller,
E-Smyslov,V/Amsterdam 1956/Candidates/[ChessBase] (56)}) 10... Ba6 11. f4 f6 $5
({More popular is} 11... f5 {e.g.} 12. exf5 ({the continuation} 12. Ng3 g6 13.
Be3 cxd4 (13... Nd6) 14. cxd4 d5 15. cxd5 Bxd3 16. Qxd3 fxe4 17. Qxe4 Qxd5 18.
Qxd5 exd5 {leads to the pleasant ending for Black}) 12... exf5 13. dxc5 bxc5
14. Be3 d6 15. Ng3 g6 16. Bxf5 gxf5 17. Qd5+ Rf7 18. Qxc6 Bxc4 (18... Bb7 19.
Qa4 h5 20. Rab1 Ng7 {1-0 Pedersen,N-Schandorff,L/Horsens 2003/CBM 095 (55)} 21.
Rfd1 h4 22. Nf1 $13) 19. Rfe1 Qc8 20. Qf3 Rb8 $11 {1/2-1/2 Tisdall,J-Kudrin,S/
Gausdal 1983/MCD (28)}) 12. e5 ({White has not enough for the pawn after} 12.
f5 Nd6 $5 13. Rf3 (13. fxe6 dxe6 14. Nf4 Qe7) 13... cxd4 14. cxd4 Bxc4 15. a4
Bxd3 16. Qxd3 {1/2-1/2 Halkias,S-Izoria,Z/Athens 2003/CBM 098 (33)} exf5 17.
exf5 Re8 $15) 12... Rc8 13. Qc2 $146 {A new try.} ({The alternatives are clear
in Black´s favour:} 13. d5 Na5 14. Ng3 Bxc4 15. Bxc4 Nxc4 16. dxe6 dxe6 17. Qb3
Qd5 $1 18. Rd1 Na5 19. Qxd5 exd5 {0-1 Aleksandrov,A-Supatashvili,K/Batumi 2001/
EXT 2002 (84)} 20. Rxd5 $140 Nc7 21. Rd7 fxe5 22. fxe5 Nc4 $17) (13. Be3 Na5
14. dxc5 bxc5 15. Qa4 d5 16. exd6 Nxd6 17. Rfd1 Qc7 $17 {0-1 Jugow,A-Biebinger,
G/Bad Wiessee 2003/CBM 094 ext (52)}) 13... f5 $6 ({Not} 13... cxd4 $2 14.
Bxh7+ Kh8 15. Rf3 $40) ({but for the evaluation of White´s novelty critical is
the reply} 13... g6 $5 {intending to meet} 14. Rf3 {with} fxe5 (14... Na5 $6
15. Bxg6 $1 hxg6 16. Qxg6+ Ng7 17. Rh3 {gives White a strong attack}) 15. dxe5
(15. fxe5 $143 Rxf3 16. gxf3 d6 17. exd6 Qxd6 {[%csl Rc4,Rd4]}) 15... d6 {
and after} 16. Bxg6 $5 (16. exd6 Qxd6 {[%csl Rc4]}) 16... hxg6 17. Qxg6+ Ng7
18. Rh3 {Black has the following possibilities:} Ne7 $5 (18... Qe7 $2 19. Ng3
dxe5 20. Ne4 {/\ Ng5}) (18... dxe5 19. Qh7+ Kf7 20. Rg3 Qd1+ (20... Rg8 $6 21.
Be3 Ne7 22. fxe5 Bxc4 (22... Nef5 23. Bh6 $1) 23. Rf1+ Nef5 24. Bh6 Qf8 (24...
Bxe2 $2 25. Bxg7 $1) 25. Rxf5+ exf5 26. Rg6 Ke8 27. Bxg7 Rc7 (27... Qe7 28. Ng3
) 28. Qh5 Bxe2 29. Bxf8 Bxh5 30. Rxg8 $16) 21. Kf2 Bxc4 (21... Rg8 $2 22. Qg6+
Ke7 23. Rd3 $1 Qa4 24. fxe5 $40) 22. Rxg7+ Ke8 23. Qh5+ Kd8 24. Qg5+ Ke8 25.
Qh5+ {with perpetual check}) 19. Qh7+ Kf7 20. Rg3 Rg8 (20... Nef5 21. Rxg7+ $1
Nxg7 22. f5 dxe5 23. Bh6 Ke8 (23... Qf6 $4 24. Bxg7 Qxg7 25. fxe6+ $18) 24.
Bxg7 Rxf5 25. Qg6+ Ke7 26. Ng3 Rf7 27. Ne4 Qg8 28. Qg5+ Kd7 29. Nf6+ Rxf6 30.
Qxf6 Bxc4 $11) 21. f5 Nexf5 22. Bh6 $1 Qf8 (22... Nxg3 $2 23. hxg3) 23. Rf1
Bxc4 24. exd6 Ke8 25. Rxf5 exf5 26. Bxg7 Qf7 (26... Qxd6 $2 27. Re3+ Kd8 28.
Qh4+ Kd7 29. Qxc4 Rxg7 30. Rd3 $18) 27. Re3+ Be6 28. Qh6 Kd7 29. Nf4 (29. Be5
$2 Bd5 30. Nf4 Be4 $17) 29... Rxg7 30. Nxe6 Rg6 31. Nf8+ Rxf8 32. Re7+ Kxd6 33.
Rxf7 Rxh6 34. Rxf8 Ke5 $15) 14. d5 Na5 15. d6 $5 {Now black knight on e8 is
out of play.} ({However was not necessary to sacrifice a pawn because White
could play} 15. Rd1 $5 Qe7 $140 16. d6 Qh4 17. Qa4 Bb7 18. Ng3 (18. Qxd7 $4 Qg4
) 18... Bc6 19. Qc2 $14) 15... Bxc4 16. Bxc4 Nxc4 17. Qd3 b5 $6 {Weakens the
pawn on c5 and allows White to open a-file.} (17... Na5 $142 $13) 18. a4 a6 19.
axb5 axb5 20. Ra7 (20. Be3 $142 $5 Qb6 21. Bf2 $44) 20... Ra8 21. Rb7 $2 {
[%csl Rb7]} (21. Rxa8 $8 Qxa8 22. Be3 Qc6 23. Nc1 g5 24. Nb3 gxf4 25. Bxf4 Ng7
26. Qe2 $13) 21... Rb8 $2 ({Missing a chance to punish White for his mistake by
} 21... Ra5 $1 22. Rd1 (22. Qb1 $2 Nexd6 23. exd6 Nxd6 $19) 22... Qc8 23. Qf3
g5 (23... Rf7) 24. g3 g4 25. Qg2 Rf7 {followed by Qa8.}) 22. Rxb8 Qxb8 23. Be3
Qb6 24. Nc1 $1 {[%csl Rc5][%cal Gc1b3] This manoeuvre had obviously not been
taken into account by Black.} g5 25. Nb3 gxf4 26. Bxc5 Qc6 27. Bd4 Ng7 28. Qf3
$1 {The exchange of queens puts Black in hopeless situation because he is
unable to defend the pawn on d7.} Qxf3 29. gxf3 {[%csl Rd7,Rg7][%cal Gb3c5]}
Rc8 30. Ra1 ({Certainly not} 30. Nc5 $2 Nxe5) 30... Kf7 31. Ra7 Ke8 32. Kf2 Nh5
33. Ke2 Nb2 34. Nc5 Rd8 35. Nxe6 $1 {The decisive blow.} dxe6 36. Re7+ Kf8 37.
Rxh7 (37. Rxh7 Kg8 38. Rxh5 Kg7 39. Rg5+ Kf7 40. h4 Nc4 41. h5 Rh8 42. Rg6 Rxh5
43. Rf6+ Ke8 44. Rxe6+ Kd8 45. Re7 Rh2+ 46. Bf2 Rh6 47. e6 Nxd6 48. Rd7+ $18)
1-0

[Event "Bonn GSK-2"]
[Site "Bonn"]
[Date "1995.??.??"]
[Round "4"]
[White "Gurevich, Mikhail"]
[Black "Jackelen, Thomas"]
[Result "1-0"]
[WhiteElo "2585"]
[BlackElo "2405"]
[Annotator "Gurevich,M"]
[PlyCount "65"]
[EventDate "1995.??.??"]
[EventType "tourn"]
[EventRounds "11"]
[EventCountry "GER"]
[EventCategory "7"]
[SourceTitle "EXT 1997"]
[Source "ChessBase"]
[SourceDate "1996.11.15"]
[SourceVersion "1"]
[SourceVersionDate "1996.11.15"]
[SourceQuality "1"]

1. d4 Nf6 2. c4 e6 3. Nc3 Bb4 4. e3 c5 5. a3 Bxc3+ 6. bxc3 O-O (6... Nc6 7. Bd3
d6 8. Ne2 $5) 7. Bd3 Nc6 8. Nf3 d6 9. e4 e5 10. d5 Ne7 11. g3 $5 {[/\12.Nh4,13.
f4]} (11. Nh4 Ng6 12. Nxg6 (12. Nf5 $6 Bxf5 13. exf5 Nh4 14. O-O e4 $15) 12...
fxg6 $5 {(/\13...Nh5<=>)}) 11... h6 (11... Bh3 $6 12. Ng5 {[/\13.f4]}) 12. Nh4
Nh7 (12... Ng6 13. Ng2 $5 {(/\14.0-0,15.f4->>>)}) 13. Qc2 Bh3 14. f4 $5 exf4
15. e5 f5 $6 (15... Ng6 $5 16. Nxg6 fxg6 17. e6 (17. Bxg6 Ng5 $132 18. e6 $6
fxg3 $5 (18... f3 19. Be3 Bg2 20. O-O-O $36) 19. hxg3 Nf3+ 20. Ke2 Bg4 $36)
17... Bf5 18. Bxf4 Bxd3 19. Qxd3 g5 20. Be3 $13) 16. e6 g5 17. Nf3 Bg4 (17...
Ng6 $2 18. Ng1 Bg4 19. h3 Bh5 20. g4 $16) 18. Qg2 $5 {[/\19.gxf4]} fxg3 19.
hxg3 Kg7 20. a4 $5 {[/\21.Bd2,22.0-0-0->>>]} (20. Nh2 $6 Bh5 21. g4 Bg6 22.
gxf5 Bxf5 $15) (20. Bd2 b5 $1 $132) 20... Ng6 21. Bd2 Qf6 (21... Ne5 $6 22.
Nxe5 dxe5 23. Qh2 $1 (23. Be2 Nf6 $15) 23... Qf6 24. Be2 Bxe2 25. Qxe2 $14 {
(/\26.g4)} e4 26. g4 fxg4 27. O-O-O Qf3 28. Qh2 $36) (21... Bxf3 22. Qxf3 Ne5
23. Qe2 Nxd3+ 24. Qxd3 Qf6 25. O-O $5 {(/\26.Rf2,27.Raf1)}) 22. O-O-O a6 (22...
Ne5 23. Nxe5 dxe5 (23... Bxd1 24. Nd7 $36) 24. Be2 $14 (24. Rdf1 $5)) (22... b5
$5 23. Rdf1 $5 (23. axb5 a6 $132) (23. cxb5 c4 $132) 23... bxc4 24. Bc2 {
(/\25.Nh2|^>>)}) 23. Rdf1 h5 (23... Bxf3 24. Qxf3 Ne5 25. Qxf5 $16) 24. Nh2 Ne5
25. Bc2 $1 Qg6 (25... Nxc4 26. Nxg4 hxg4 27. Rxf5 $18) 26. Nxg4 hxg4 (26...
Nxg4 27. Qh3 $16) 27. Qh2 $1 $40 {[/\28.Qh5]} Nxc4 $6 (27... Nf3 28. Rxf3 $1
gxf3 29. g4 $40) (27... Rae8 28. Bxf5 $5 Rxf5 29. Qxh7+ Qxh7 30. Rxh7+ Kxh7 31.
Rxf5 Nxc4 32. Rxg5 $16) 28. Qh5 Ne5 $6 (28... Nxd2 29. Kxd2 Rae8 30. Qxg6+ (30.
Rf2 $5) 30... Kxg6 31. Rh2 $16 {(/\32.Rfh1)}) (28... b5 $5 29. Rf2 $36) (28...
Ne5 {[#]}) 29. c4 $1 $18 {[/\30.Bc3,Rf1-f2-h2]} Nf3 30. Bc3+ Nf6 31. Bxf5 $1
Qxh5 (31... Qxf5 32. Qh6+ Kg8 33. Qh8#) 32. Rxh5 b5 33. Rfh1 1-0

[Event "FIDE-Wch k.o."]
[Site "New Delhi/Teheran"]
[Date "2000.12.02"]
[Round "2.6"]
[White "Gulko, Boris F"]
[Black "Chernin, Alexander"]
[Result "1-0"]
[WhiteElo "2643"]
[BlackElo "2572"]
[Annotator "Hecht,H"]
[PlyCount "105"]
[EventDate "2000.11.27"]
[EventType "k.o."]
[EventRounds "7"]
[EventCountry "IND"]
[SourceTitle "CBM 081"]
[Source "ChessBase"]
[SourceDate "2001.03.20"]
[SourceVersion "1"]
[SourceVersionDate "2001.03.20"]
[SourceQuality "1"]

1. c4 Nf6 2. Nc3 e6 3. d4 Bb4 4. e3 c5 5. Bd3 Nc6 6. a3 Bxc3+ 7. bxc3 d6 8. Ne2
e5 9. O-O h6 10. Ng3 O-O 11. d5 Ne7 12. f4 exf4 13. exf4 Re8 14. f5 Kh8 15. Bf4
Neg8 16. h3 Qc7 17. Qd2 Bd7 18. Rae1 a6 19. Kh2 b5 20. Rxe8 Rxe8 21. Re1 Rxe1
22. Qxe1 bxc4 23. Bxc4 Bb5 24. Ba2 c4 25. Ne4 Nxd5 26. Bxd6 Qd7 27. Bg3 Qxf5
28. a4 Bxa4 29. Bxc4 Bc6 30. Nd6 Qe6 31. Qf2 Ngf6 32. Qc5 Bd7 33. Bxa6 Ne3 34.
Nxf7+ Qxf7 35. Qxe3 Bc6 36. Qc5 Qe8 37. Qe5 Qg6 38. Be2 Ne4 39. Bh5 Qxg3+ 40.
Qxg3 Nxg3 41. Kxg3 {[#] Saubere Verwertung des freien Mehrbauern bei starkem
Raumvorteil} Kg8 (41... g5 42. c4 Kg7 43. Bf3 Ba4 44. c5 Kf6 45. c6 Ke7 46. Kg4
Kf6 47. Kh5 Kg7 48. c7 Be8+ 49. Kg4 Bd7+ 50. Kg3 Bc8 51. Bg4 $18) 42. c4 Kf8
43. Bf3 Bd7 44. Kf4 Ke7 45. Ke5 Ba4 46. h4 Bd7 47. g3 Ba4 48. c5 Kd7 49. Kf5 {
[%cal Rf5g6]} Ke7 50. Be4 Be8 51. Ke5 Bh5 52. c6 Be2 (52... Be8 53. c7 Kd7 54.
Bc6+ $18) 53. Bf5 1-0

[Event "Candidates sf1"]
[Site "London"]
[Date "1989.??.??"]
[Round "6"]
[White "Jussupow, Artur"]
[Black "Karpov, Anatoly"]
[Result "0-1"]
[WhiteElo "2610"]
[BlackElo "2755"]
[Annotator "Jussupow,A"]
[PlyCount "121"]
[EventDate "1989.10.??"]
[EventType "match"]
[EventRounds "8"]
[EventCountry "ENG"]
[SourceTitle "Candidates"]
[Source "ChessBase"]
[SourceDate "1999.07.01"]
[SourceVersion "2"]
[SourceVersionDate "1999.07.01"]
[SourceQuality "1"]

1. d4 {Artur Yusupov} Nf6 2. c4 e6 3. Nc3 Bb4 4. e3 O-O 5. Bd3 c5 6. a3 Bxc3+
7. bxc3 Nc6 8. Ne2 b6 9. e4 Ne8 10. O-O Ba6 11. f4 f5 12. Ng3 g6 13. Be3 Nd6 $1
14. exf5 Nxc4 $1 $10 {N;14...gf 15.Qe2+/=; 14...ef 15.dc+/=} 15. Bxc4 Bxc4 16.
fxg6 {16.Re1 gf 17.dc=} Bxf1 17. Qh5 $1 {/\Rf1} (17. gxh7+ Kh8 18. Qxf1 cxd4
19. cxd4 Qf6 20. Rd1 d5 $17) 17... Qe7 18. Rxf1 hxg6 {18...cd!? 19.cd hg} 19.
Qxg6+ Qg7 20. Qd3 {20.Qg7!? Kg7 21.dc bc 22.Bc5 Rf7~/=} (20. Qe4 cxd4 21. cxd4
Rae8 $15 {21...Qh7 22.f5|^}) 20... cxd4 21. cxd4 Qh7 $15 22. Qb5 {22.f5?! Ne7-/
+ ;22.Ne4? d5-+} a6 $1 23. Qb3 {23.Qb6? Qd3-/+} Ne7 (23... Na5 $5 24. Qxb6 Qd3
25. Rf3 Nc4 26. Qc5 Nxe3 27. Qg5+ Kf7 28. f5 Qd1+ 29. Nf1 Qxf3 30. Qg6+ Ke7 31.
Qh7+ Rf7 32. Qh4+ Kd6 33. gxf3 Rg8+ $17) 24. Rf3 Rac8 25. Qxb6 Rc6 {25...Nd5
26.Qd6<=>} 26. Qa5 Nd5 $17 27. Nf1 Qf5 $6 {/\Ne3;27...Qb1!?|^} 28. Qe1 $1 Rb8
29. Qh4 Kf7 30. h3 Rc3 31. Kh2 $138 Rg8 $17 (31... Rbb3 32. Qd8 Nxe3 33. Qxd7+
$10) 32. Ng3 Qf6 33. Qh5+ Qg6 $138 34. Qe5 Qg7 35. Qd6 $6 {35.Qe4 Nf6 36.Qb7-/+
} Ke8 $1 (35... Rxe3 36. Rxe3 {36.Qd7? Kg6 37.f5 Kh6-+} Nxe3 37. Qxd7+ $10) 36.
f5 Qe7 $2 (36... Rxe3 37. Rxe3 {37.f6 Qg3!!-+} Nxe3 38. Qb8+ Kf7 39. fxe6+ Kxe6
40. Qb3+ Nd5 $19) 37. Qb8+ Qd8 38. Qe5 Qc7 $2 {38...Qf6=} 39. Qxc7 $2 {39.f6!+-
} Rxc7 40. fxe6 dxe6 {40...Rc3!?-/+} 41. Ne4 Rc2 42. Bd2 a5 $1 {42...Kd7 43.g4}
43. Rb3 {43.g4 Rf8-/+} Kd7 44. Rb5 {44.g4!?} Ra8 $2 (44... Ne3 $1 45. Nf6+ {
45.Be3? Rgg2 46.Kh1 Rh2 47.Kg1 Re2-+} Kc6 46. Rc5+ Rxc5 47. Bxe3 Rc3 48. Nxg8
Rxe3 49. h4 Kd7 $17) 45. a4 $1 {45.Ba5? Kc6 46.a4 Rc4-/+} Kc6 46. h4 Rc4 47.
Rc5+ Rxc5 48. dxc5 $16 Nb4 $5 49. h5 {49.g4!?+/-} Kd5 50. Nf6+ Ke5 51. Bc3+ Kf4
52. g4 {52.Kh3 Rd8<=>} Rd8 53. h6 Kg5 54. h7 Kg6 55. Kg3 $14 Nc6 56. Kf4 Kg7 {
>=57.Ke4+/=} 57. g5 $10 Rd3 58. Be5 Rd1 59. g6 $4 {59.Bd6=} Rf1+ $19 60. Kg5
Nxe5 {60...Rf5-+} 61. Nh5+ {61...Kh8 62.Kh6 Ng4-+ Artur Yusupov} 0-1

[Event "URS-ch51 First League"]
[Site "Tallinn"]
[Date "1983.12.??"]
[Round "?"]
[White "Balashov, Yuri S"]
[Black "Gavrikov, Viktor"]
[Result "1-0"]
[WhiteElo "2540"]
[BlackElo "2470"]
[Annotator "Kharitonov,A"]
[PlyCount "51"]
[EventDate "1983.12.??"]
[EventType "tourn"]
[EventRounds "17"]
[EventCountry "URS"]
[EventCategory "9"]
[SourceTitle "MCL"]
[Source "ChessBase"]
[SourceDate "1999.07.01"]
[SourceVersion "1"]
[SourceVersionDate "1999.07.01"]
[SourceQuality "1"]

1. d4 Nf6 2. c4 e6 3. Nc3 Bb4 4. e3 c5 5. Bd3 Nc6 6. a3 Bxc3+ 7. bxc3 O-O 8.
Nf3 $5 d6 9. e4 Qa5 $6 (9... e5 10. d5 Ne7 11. h3 Ng6 (11... Ne8 $5 12. g4 Ng6
$13) 12. g3 h6 13. Be3 Nh7 14. Qd2 Qa5 $6 (14... f5 $142 15. exf5 Bxf5) 15. Qc2
Qc7 16. Ke2 Ne7 17. Rag1 f5 18. exf5 Bxf5 19. g4 $1 Bxd3+ 20. Qxd3 $14 {
Balashov,Y-Novikov,I/Volgograd/1985/1:0 (42)}) 10. Bd2 e5 11. O-O h6 (11... Bg4
12. d5 Ne7 13. h3 Bh5 14. g4 Bg6 15. Bg5 $1 Qxc3 16. Bxf6 gxf6 17. Nh4 $16) 12.
Ne1 Qd8 13. d5 Ne7 14. Nc2 Bd7 (14... Ne8 15. Ne3 f5 16. exf5 Nxf5 17. f4 $1
$16) 15. Ne3 $16 (15. f4 exf4 16. Bxf4 Bg4 17. Qd2 Ng6 $13) 15... Qc8 (15...
Ng6 16. Nf5 Qc7 17. g3 $14) 16. a4 $5 (16. f3 Ne8 17. Nf5 Nxf5 18. exf5 $14)
16... Ng4 17. Nxg4 Bxg4 18. f3 Bd7 (18... Bh5 19. Qe1 Bg6 20. f4 exf4 (20... f6
21. f5) 21. Bxf4 Qd7 22. Qg3 Rad8 23. e5 $16) 19. f4 $1 exf4 $2 (19... f6 $142
20. f5 $16) 20. Bxf4 Qb8 $8 (20... Qc7 21. e5 dxe5 22. d6 $18) 21. Qh5 Ng6 (
21... f6 22. Rf3 Be8 23. Qg4) 22. Bxh6 $1 gxh6 23. e5 $1 $18 Nxe5 (23... dxe5
24. Rf6 Be8 25. Qxh6 Qd8 26. Raf1 $18) (23... Kg7 24. e6 Be8 25. exf7 Bxf7 26.
Rxf7+ Rxf7 27. Qxg6+ Kf8 28. Re1 Qd8 29. Qxh6+ Kg8 30. Re3 Rg7 31. Qe6+ $18)
24. Rf6 $1 Rc8 (24... Nxd3 25. Rxh6) (24... Ng4 25. Rxh6 Nxh6 26. Qg5+ Kh8 27.
Qxh6+ Kg8 28. Qh7#) 25. Rxh6 f5 (25... Kf8 26. Qg5 $18) 26. Qg5+ (26. Qg5+ Kf8
27. Qf6+ Nf7 28. Rh8#) 1-0